| 000 | 00814nam a2200265Ia 4500 | ||
|---|---|---|---|
| 003 | OSt | ||
| 005 | 20220924115749.0 | ||
| 006 | a|||||r|||| 00| 0 | ||
| 007 | ta | ||
| 008 | 220923b |||||||| |||| 00| 0 urd d | ||
| 020 | _a9788182238107 (hbk) | ||
| 020 | _c325 | ||
| 024 | _a260295 | ||
| 037 |
_bMPH/6094, 29/02/2012, Modern Publishing House _cTextual |
||
| 040 |
_aARTS _cARTS _burd |
||
| 041 |
_2urd _aurd |
||
| 082 | _aY73(P168):1, 168Q1 | ||
| 100 |
_aenged Tariq _9179494 |
||
| 245 | 0 | _aUrdu adab ka tehzibi pas manzar | |
| 260 |
_aDelhi _bEducational Publishing House India _c2011 |
||
| 300 |
_a296p. _ccm. |
||
| 650 | _aURDU LITERATURE | ||
| 942 |
_hY73(P168):1, 168Q1 _cTEXL _2CC |
||
| 999 |
_c399780 _d399780 |
||